[Event "EU-ch Online U2300 Qual"]
[Site "Chess.com INT"]
[Date "2020.05.25"]
[Round "6"]
[White "Tsereteli, Kakhaber"]
[Black "Gerasimenyk, Mihail"]
[Result "1-0"]
[WhiteElo "1990"]
[BlackElo "2133"]
[PlyCount "53"]
[EventDate "2020.05.25"]
[EventType "swiss"]
[EventRounds "8"]
[EventCountry "NET"]
[SourceTitle "EXT 2021"]
[Source "ChessBase"]
[SourceDate "2020.10.23"]
[SourceVersion "1"]
[SourceVersionDate "2020.10.23"]
[SourceQuality "1"]

1. e4 c6 2. d4 d5 3. e5 c5 4. dxc5 Nc6 5. Nf3 Bg4 6. c3 a5 7. Bb5 e6 8. Be3 Qc7 9. Bd4 Nge7 10. Nbd2 Ng6 11. Qa4 Be7 12. 0-0 0-0 13. Bxc6 bxc6 14. Rfe1 f5 15. exf6 Bxf6 16. Bxf6 Rxf6 17. Qxg4 e5 18. Qg3 Re8 19. h4 Nf4 20. h5 h6 21. Qg4 e4 22. Nh4 Ref8 23. f3 Nd3 24. Re2 Rf4 25. Qg3 R8f6 26. Ng6 R4f5 27. Qxc7 1-0

[Event "EU School-ch U15"]
[Site "Kallithea"]
[Date "2008.05.03"]
[Round "7"]
[White "Kazantzidis, Ilias"]
[Black "Tsereteli, Kakhaber"]
[Result "1-0"]
[WhiteElo "2061"]
[BlackElo "1963"]
[PlyCount "73"]
[EventDate "2008.04.29"]
[EventType "swiss"]
[EventRounds "9"]
[EventCountry "GRE"]
[SourceTitle "CBM 124 Extra"]
[Source "ChessBase"]
[SourceDate "2008.07.03"]
[SourceVersion "1"]
[SourceVersionDate "2008.07.03"]
[SourceQuality "1"]

1. d4 Nf6 2. Bg5 d5 3. Bxf6 exf6 4. e3 c6 5. c4 Be6 6. Nd2 Bd6 7. Qc2 0-0 8. g3 Re8 9. c5 Bc7 10. Ne2 Qc8 11. Bg2 Bf5 12. Qc3 a5 13. 0-0 a4 14. b4 Na6 15. Qb2 a3 16. Qxa3 Nxc5 17. Qc3 Na4 18. Qb3 Bd7 19. b5 Nb6 20. Nc3 Ra5 21. Qb4 Qa8 22. Nb3 Ra3 23. Rfc1 Bd8 24. Nc5 Nc4 25. Bxd5 cxd5 26. Nxd5 b6 27. Qxc4 bxc5 28. dxc5 Be6 29. Rd1 Bxd5 30. Rxd5 Ra4 31. Qd3 Ra3 32. Qd4 f5 33. Rd1 Bf6 34. Qc4 Rc3 35. Qb4 Qxa2 36. b6 Rc2 37. Qf4 1-0